000 00475nam a2200169 i 4500
001 26207
003 ES-MaACL
005 20240510063032.0
007 t|
008 030108s1870 sp ||||1| spa d
100 1 _aAsquerino, Eusebio,
_d1822-1892
_923643
245 1 0 _aPoesías /
_cde Eusebio Asquerino.
260 _aMadrid :
_b[s.n.,
_c1870] (
_fImprenta de La América)
300 _a318 p. ;
_c22 cm.
852 _aES-MaACL
_jG-12735
999 _c26207
_d26207